BUBT Library Online Catalog

সৈয়দ শামসুল হকের উপন্যাস : মুক্তিযুদ্ধ ও প্রেম / (Record no. 6905)

000 -LEADER
fixed length control field 01114nam a22002057a 4500
003 - CONTROL NUMBER IDENTIFIER
control field BUBTL
008 - FIXED-LENGTH DATA ELEMENTS--GENERAL INFORMATION
fixed length control field 230108b ||||| |||| 00| 0 eng d
020 ## - INTERNATIONAL STANDARD BOOK NUMBER
International Standard Book Number 9789848143162
082 ## - DEWEY DECIMAL CLASSIFICATION NUMBER
Classification number 891.44/ M3151s/ 2020
100 ## - MAIN ENTRY--PERSONAL NAME
9 (RLIN) 5148
Personal name মান্নান, মোহাম্মদ আবদুল
245 ## - TITLE STATEMENT
Title সৈয়দ শামসুল হকের উপন্যাস : মুক্তিযুদ্ধ ও প্রেম /
Statement of responsibility, etc. মোহাম্মদ আবদুল মান্নান
250 ## - EDITION STATEMENT
Edition statement 1st Edn
260 ## - PUBLICATION, DISTRIBUTION, ETC. (IMPRINT)
Place of publication, distribution, etc. ঢাকা:
Name of publisher, distributor, etc. পালক পাবলিশার্স,
Date of publication, distribution, etc. c2020
300 ## - PHYSICAL DESCRIPTION
Extent 189 p.:
Dimensions 22 cm
505 ## - FORMATTED CONTENTS NOTE
Formatted contents note সৈয়দ শামসুল হকের উপন্যাস : মুক্তিযুদ্ধ ও প্রেম, সৈয়দ শামসুল হক, মুক্তিযুদ্ধ, মোহাম্মদ আবদুল মান্নান, বাংলা সাহিত্য
650 #0 - SUBJECT ADDED ENTRY--TOPICAL TERM
9 (RLIN) 1687
Topical term or geographic name as entry element বাংলা সাহিত্য
856 ## - ELECTRONIC LOCATION AND ACCESS
Password 0
Logon 0
Link text Download
942 ## - ADDED ENTRY ELEMENTS (KOHA)
Source of classification or shelving scheme
Koha item type Books
Holdings
Withdrawn status Lost status Source of classification or shelving scheme Damaged status Not for loan Collection code Permanent location Current location Shelving location Date acquired Source of acquisition Inventory number Total Checkouts Full call number Barcode Date last seen Copy number Price effective from Koha item type
          Fiction Bangladesh University of Business and Technology Library Bangladesh University of Business and Technology Library Fiction 12/15/2022 Purchase 29119   891.44/ M3151s/ 2020 BUBTL-200329119 01/08/2023 C-1 01/08/2023 Books
          Fiction Bangladesh University of Business and Technology Library Bangladesh University of Business and Technology Library Fiction 12/15/2022 Purchase 29120   891.44/ M3151s/ 2020 BUBTL-200329120 01/08/2023 C-2 01/08/2023 Books

More Information About Library

Library Hours

  • Open: 9.00 am. to 9.00 pm.
  • Only Sunday: 9.00 am. to 6.00 pm.
  • Closed: Holiday

Contact to the University

Bangladesh University of Business and Technology Library

  • Mirpurl-2, 1216.
  • Phone:
  • Fax:
  • E-Mail: admin.library@bubt.edu.bd

Contact to the Library

Contact Person:

Md. Abdul Hakim Shah
Joint Librarian
PABX No:  113
Cell No: 01816332931
E-mail: official: admin.library@bubt.edu.bd
Personal: hakim.shah@bubt.edu.bd


BUBT Library

Copyright © 2021